000 00485nam a2200181Ia 4500
008 240925s9999 xx 000 0 und d
020 _aNA
082 _a796.44 PRI
100 _aPridham ,C.H. B.
245 4 _aThe Charm of Cricket Past and Present
250 _aNA
260 _aLondon:
_bHerbert Jenkins Limited
_c,1949.
300 _a975p.
_bN.A
_fOriginal
500 _aIncludes Index
600 _aHumanities & Natural Science
650 _aArts and Recreation
942 _cBK
999 _c12091
_d12091